LEADER 00847nam0-22003011i-450- 001 990006766570403321 005 20001010 035 $a000676657 035 $aFED01000676657 035 $a(Aleph)000676657FED01 035 $a000676657 100 $a20001010d--------km-y0itay50------ba 101 0 $aita 105 $ay-------001yy 200 1 $aEsuli$el'emigrazione politica italiana in Francia$e1792-1802$fAnna Maria Rao$gprefazione di Giuseppe Galasso 210 $aNapoli$cGuida$d1992. 215 $aXVI, 622 p.$d22 cm 225 1 $a<>altra Europa$v9 676 $a944.042 700 1$aRao,$bAnna Maria$f<1949- >$09780 801 0$aIT$bUNINA$gRICA$2UNIMARC 901 $aBK 912 $a990006766570403321 952 $aCOLLEZ. 1175 (9)$b19929$fFSPBC 959 $aFSPBC 996 $aEsuli$963012 997 $aUNINA DB $aGEN01 LEADER 01016nam a2200301 i 4500 001 991001197819707536 005 20020507185044.0 008 970224s1972 de ||| | eng 020 $a3540059857 035 $ab1081436x-39ule_inst 035 $aLE01308566$9ExL 040 $aDip.to Matematica$beng 082 0 $a515.94 084 $aAMS 32A07 100 1 $aMurakami, Shingo$057588 245 10$aOn automorphisms of Siegel domains /$cShingo Murakami 260 $aBerlin :$bSpringer-Verlag,$c1972 300 $a95 p. ;$c26 cm 490 0 $aLecture notes in mathematics,$x0075-8434 ;$v286 650 0$aAutomorphisms 650 0$aSiegel domains 650 0$aSpecial domains 907 $a.b1081436x$b23-02-17$c28-06-02 912 $a991001197819707536 945 $aLE013 32A MUR11 (1972)$g1$i2013000077710$lle013$o-$pE0.00$q-$rl$s- $t0$u0$v0$w0$x0$y.i10920316$z28-06-02 996 $aAutomorphisms of Siegel domains$9381877 997 $aUNISALENTO 998 $ale013$b01-01-97$cm$da $e-$feng$gde $h0$i1